000 00510nmm a2200169Ia 4500
008 251105s9999||||xx |||||||||||||||||und||
020 _a9789587841855
041 _aspa
100 _aCarrero Pardo, Diego Hernando
245 0 _aDispositivo pedagógico y escuela pública por venir
264 _a[Bogotá, Colombia] :
_bUniversidad del Rosario,
_c2019
300 _a113 páginas
490 _aÓpera Prima
650 _aEducation
856 _uhttps://public.digitaliapublishing.com/a/61008
942 _cCF
999 _c96384
_d96384